|
|
|
|
| LEADER |
00740naa a2200181 i 4500 |
| 001 |
acta32204 |
| 005 |
20200414150423.0 |
| 008 |
161017s2011 hu o 0|| hun d |
| 020 |
|
|
|a 978 963 306 119 0
|
| 040 |
|
|
|a SZTE Egyetemi Kiadványok Repozitórium
|b hun
|
| 041 |
|
|
|a hun
|
| 100 |
1 |
|
|a Fehér Zsuzsanna
|
| 245 |
1 |
0 |
|a Konferenciaszolgáltatások szervezése egyetemeken
|h [elektronikus dokumentum] /
|c Fehér Zsuzsanna
|
| 260 |
|
|
|c 2011
|
| 300 |
|
|
|a 244-255
|
| 490 |
0 |
|
|a Szolgáltatásinkubáció az egyetemi szférában
|v 1
|
| 695 |
|
|
|a Konferencia szervezés, Információs rendszer tervezés, Információmenedzsment, Szolgáltatástudomány
|
| 856 |
4 |
0 |
|u http://acta.bibl.u-szeged.hu/32204/3/szolgaltatasinkubacio_244-255.pdf
|z Dokumentum-elérés
|